Elements of Architecture /

Gespeichert in:
Bibliographische Detailangaben
1. Verfasser: Koolhaas, Rem (Verfasst von)
Weitere Verfasser: Westcott, James (Herausgegeben von), Petermann, Stephan (Herausgegeben von)
Format: Buch
Sprache:Englisch
Veröffentlicht: Köln: Taschen, 2018
Ausgabe:1. vydanie
Schlagworte:
Tags: Tag hinzufügen
Keine Tags, Fügen Sie das erste Tag hinzu!

MARC

LEADER 00000nam a22000003a 4500
001 0098806
003 SK-STU
005 20221202132700.9
007 ta
008 221202s ----xo-----e------000-0-----d
020 |a 978-3-8365-5614-9 
040 |a STU  |b slo 
041 0 |a eng 
044 |a gw 
100 1 |a Koolhaas, Rem  |4 aut 
245 1 0 |a Elements of Architecture /  |c aut. Rem Koolhaas ; ed. James Westcott, Stephan Petermann 
250 |a 1. vydanie 
260 |a Köln:  |b Taschen,  |c 2018 
300 |a 2333 s. 
650 0 7 |a teória architektúry 
650 0 7 |a bienále architektúry Benátky 2014 
650 0 7 |a architektúra 
650 0 7 |a architektonické dielo 
700 1 |a Westcott, James  |4 edt 
700 1 |a Petermann, Stephan  |4 edt 
996 |b 284AU09461  |c A* 12804/U  |l AAKNST  |s P  |a 0  |w 0098806_0001 
996 |b 284AU09462  |c A* 12805/U  |l AAKNAR  |s A  |a 24  |w 0098806_0002